A cross-national study of teachers' atributional patterns (Record no. 125168)

MARC details
000 -CABECERA
campo de control de longitud fija 00562nab a2200205 a 4500
005 - FECHA Y HORA DE LA ÚLTIMA TRANSACCIÓN
campo de control 20240910064328.0
008 - ELEMENTOS DE LONGITUD FIJA--INFORMACIÓN GENERAL
campo de control de longitud fija 991125s1985 mx 000 0 spa u
035 ## - NÚMERO DE CONTROL DEL SISTEMA
Número de control de sistema UPN01000153046
100 1# - ASIENTO PRINCIPAL--NOMBRE PERSONAL
Nombre de persona CLARK, Margaret D.
222 ## - TÍTULO CLAVE
Título clave JOURNAL OF SPECIAL EDUCATION
245 ## - MENCIÓN DE TÍTULO
Título A cross-national study of teachers' atributional patterns
260 ## - PUBLICACIÓN, DISTRIBUCIÓN, ETC.
Lugar de publicación, distribución, etc. EUA
300 ## - DESCRIPCIÓN FÍSICA
Extensión 77-89
362 0# - FECHAS DE PUBLICACIÓN Y/O DESIGNACIÓN SECUENCIAL
Fecha de publicación y/o designación secuencial 2000 Vol. 34, no. 2, summer
650 #4 - ASIENTO SECUNDARIO DE MATERIA - TERMINO TEMATICO
Término de materia o nombre geográfico como elemento de entrada MAESTROS
650 #4 - ASIENTO SECUNDARIO DE MATERIA - TERMINO TEMATICO
Término de materia o nombre geográfico como elemento de entrada Aprendizaje
9 (RLIN) 2861
650 #4 - ASIENTO SECUNDARIO DE MATERIA - TERMINO TEMATICO
Término de materia o nombre geográfico como elemento de entrada ALUMNOS
700 02 - ASIENTO SECUNDARIO--NOMBRE DE PERSONAL
Nombre de persona ARTILES, Alfredo J., coaut.
905 ## - TIPO DE MATERIAL
Tipo de material Articulo

No items available.